Mastering Blockchain

Saved in:
書目詳細資料
主要作者: Imran Bashir
格式: 圖書
出版: Packt
主題:
標簽: 添加標簽
沒有標簽, 成為第一個標記此記錄!

MARC

LEADER 00000nam a2200000Ia 4500
005 20260427112638.0
526 |b FinTech 
100 |a Imran Bashir 
020 |a 9781803241067 
650 |a Blockchain 
526 |a Masters 
942 |c BK 
245 |a Mastering Blockchain 
260 |b Packt 
999 |c 2  |d 2 
952 |0 0  |1 0  |4 0  |7 0  |8 3  |a BRISTOL  |b BRISTOL  |d 2026-04-22  |l 0  |p 000085  |r 2026-04-27 11:26:38  |w 2026-04-27  |y BK